000 00296nam a2200133Ia 4500
008 230917s9999||||xx |||||||||||||| ||und||
040 _e190476
_aMAIN
041 _aEnglish
082 _a519.5 Y11S
100 _aYadav, Devi Singh
245 0 _aSankhyaki
300 _a804, xv p.
942 _cBK
999 _c204204
_d204204